| 000 | 00628nam a2200205 a 4500 | ||
|---|---|---|---|
| 001 | 3275 | ||
| 003 | CDMR | ||
| 005 | 20131211141328.0 | ||
| 008 | 130130s1955||||||||||||||||||||||||||||d | ||
| 040 |
_aCDMR _bcat _cCDMR |
||
| 100 | 1 |
_aPrat Gaballi, Pedro _92372 |
|
| 245 | 1 | 0 |
_aPublicidad combativa _cPedro Prat Gaballí ; prólogo de Pedro Gual Villabí |
| 260 |
_aBarcelona _c1955 _bLabor |
||
| 300 |
_a460 p ; _c23 cm |
||
| 650 | 0 | 4 |
_9181 _aPublicitat _xTècnica |
| 650 | 0 | 4 |
_93091 _aLlenguatge publicitari |
| 650 | 0 | 4 |
_94324 _aPublicitat _xAspectes econòmics |
| 650 | 0 | 4 |
_94463 _aPublicitat _xAspectes psicològics |
| 942 |
_cMON _2udc |
||
| 999 |
_c3275 _d3275 |
||